000 00407pab a2200169 454500
008 180718b2013 xxu||||| |||| 00| 0 eng d
100 _aFosgerau, Mogens
245 _aHypercongestion in downtown metropolis
260 _c2013
300 _ap.122-134.
362 _aJul
650 _aTraffic
700 _aSmall, Kenneth A.
773 _aJournal of Urban Economics
908 _aN
909 _a101623
999 _c101621
_d101621